| Поле | Инд. | ПП | Название | Значение |
|---|---|---|---|---|
| Тип записи | a | |||
| Библиографический уровень | b | |||
| 001 | Контрольный номер | RU/IS/BASE/267800496 | ||
| 005 | Дата корректировки | 20200630193308.5 | ||
| 008 | Кодируемые данные | 20080626 | ||
| 040 | b | Код языка каталог. | rus | |
| e | Правила каталог. | PSBO | ||
| 041 | 0_ | a | Код языка текста | rus |
| 084 | a | Индекс другой классификации/Индекс ББК | 83.3(4Исп)4 | |
| 100 | 1_ | a | Автор | Серебрянников А. В. |
| 245 | 11 | a | Заглавие | "Брат Герундий" Х.-Ф. де Исла и "Дон Кихот" М. де Сервантеса: поэтика подражания |
| 504 | a | Библиография | Библиогр. - Примеч.: с. 46 | |
| 600 | a | Персоналии | Сервантес Сааведра Мигель де | |
| a | Персоналии | Исла Хосе-Франсиско де | ||
| 650 | a | Основная рубрика | история литературы | |
| a | Основная рубрика | литературоведение | ||
| a | Основная рубрика | филологические науки | ||
| 653 | 1_ | a | Ключевые слова | "Брат Герундий" |
| a | Ключевые слова | "Дон Кихот" | ||
| a | Ключевые слова | XVIII век | ||
| a | Ключевые слова | Испания | ||
| a | Ключевые слова | проза | ||
| a | Ключевые слова | романы | ||
| 773 | 08 | t | Заглавие источника | Вестник Московского университета. Серия 9, Филология |
| d | Дата издания источника | 2007 | ||
| g | Прочая информация | № 6. - С. 37 - 46 | ||
| w | Контрольный № источника | RU/IS/BASE/261756589 | ||
| 901 | t | Тип документа | b |